000 00623nam a2200193 a 4500
001 BRCA_1417
005 20190320203422.0
008 spac1944----mx-#---###---#000-0#spa-#
050 4 _aDP199
_b.R63 1944
100 1 _aRodríguez, Luis Ángel
_94627
245 1 0 _aCarlos III
_bel rey católico que decretó la expulsión de los Jesuítas
_cLuis Angel Rodríguez.
260 _aMéxico
_bHispano Mexicana
_c1944
300 _a211 p.
_c23 cm.
504 _aBibliografía: p. [7-8]
600 1 4 _aCarlos III
_cRey de España
_d1716-1788
_94628
651 4 _aEspaña
_xHistoria
_94629
653 0 _aOrdenes religiosas
942 _2lcc
_cB
999 _c1279
_d1279